Michael Ramsay. Il primate del dialogo (Record n. 34431)

Dettagli MARC
000 -LEADER
fixed length control field 00517nam a2200229Ia 4500
003 - CONTROL NUMBER IDENTIFIER
control field IT-RoPAU
008 - FIXED-LENGTH DATA ELEMENTS--GENERAL INFORMATION
fixed length control field 120407s9999 xx 000 0 und d
040 ## - CATALOGING SOURCE
Original cataloging agency IT-RoPAU
040 ## - CATALOGING SOURCE
Transcribing agency IT-RoPAU
041 ## - LANGUAGE CODE
Language code of text/sound track or separate title ita
100 ## - MAIN ENTRY--PERSONAL NAME
Personal name Owen Chadwick
245 ## - TITLE STATEMENT
Title Michael Ramsay. Il primate del dialogo
250 ## - EDITION STATEMENT
Edition statement Cinisello Balsamo (MI)
260 ## - PUBLICATION, DISTRIBUTION, ETC. (IMPRINT)
Place of publication, distribution, etc. San Paolo Edizioni
260 ## - PUBLICATION, DISTRIBUTION, ETC. (IMPRINT)
Date of publication, distribution, etc. 1993
300 ## - PHYSICAL DESCRIPTION
Extent 424 p.
300 ## - PHYSICAL DESCRIPTION
Dimensions 23,5 cm
490 ## - SERIES STATEMENT
Series statement Grandi biografie, 3
490 ## - SERIES STATEMENT
Volume/sequential designation 1
942 ## - ADDED ENTRY ELEMENTS (KOHA)
Koha item type LIBRO
Dati di copia
Withdrawn status Lost status Source of classification or shelving scheme Damaged status Not for loan Home library Current library Date acquired Total Checkouts Full call number Date last seen Price effective from Koha item type Public note
    Dewey Decimal Classification Buone Condizioni Not For Loan PAULUS-BIBLIOTECA PAULUS-BIBLIOTECA 11/04/2012   920.183 11/04/2012 11/04/2012 LIBRO Inserito da: LuigiG In data: 27 ottobre 2011 fondo: Via A.Severo 56 Progr:26430
CREDITS: SOCIETA' SAN PAOLO Via A.Severo, 58 - ROMA (RM) & PERIODICI SAN PAOLO SRL Via Giotto, 36 MILANO & CISF Via Giotto, 36 MILANO & EDIZIONI SAN PAOLO SRL,  Piazza Soncino, 5 CINISELLO BALSAMO (MI) -- ITALY